000 00293nam a22000977a 4500
999 _c508542
_d508542
082 _aT000x5442
100 _aIndia. Planning Commission
_93940
245 _aFive year plan for Bombay state (an outline)
_cby Planning Commission
260 _aBombay
_bGovernment Central Press
_c1953
300 _a24p.